Country Word Search #1 - Statistics

General Stats
  • This quiz has been taken 197,612 times
    186,245 since last reset
  • The average score is 6 of 10
Answers on the Map
Answers color-coded by a green-red scale on the quiz's map according to % correct below.
 
Answer Stats
Answer % Correct
Malta
97%
Morocco
85%
Vanuatu
75%
Fiji
66%
Italy
63%
Togo
55%
China
44%
Laos
38%
Iran
37%
St Lucia
25%
No matching quizzes found
Score Distribution
Percent of People with Each Score
Percentile by Number Answered
Your Score History
You have not taken this quiz since the last reset